00858nam a2200253Ia 450000500170000000800390001702000190005608200190007510000280009424501270012225000190024930000270026849000170029565000380031265000350035065000380038594200120042326400310043533600270046633700330049333800280052604000350055499900150058920220317001114.0160825s2001 ck g 000 0 spa a9789582000201204a371.207 bC27c1 aCerda Gutiérrez, Hugo10aCómo elaborar proyectosbdiseño, ejecución y evaluación de proyectos sociales y educativoscHugo Cerda Gutiérrez a4a. edición  a160 páginas c21 cm  aMesa redonda142LEMBaElaboración de proyectos 142LEMBaProyectos de desarrollo 142LEMB aEvaluación de proyectos  2ddccBK aBogotábMagisterioc2001 atextobtxt2rdacontent asin mediaciónbn2rdamedia avolumenbnc2rdacarrier aCO-BoRNBPbspaerdacCO-BoRNBP c5937d5937